00618 2200229 4500001002100000005001500021035002000036007000300056008004100059020000600100082001100106084001700117245003600134250001100170260003100181300003200212650001900244650002500263110004900288856003400337990001700371INLIS00000000000130420260414100829 a0010-0426000002ta260414 g | ind  a- a631.61 a631.61 BAL p1 aPenggunaan Aplikasi Avenza Maps aCet. 1 aBogor :bBBRMP SDLP,c2026 a25 hlm. :bill .; tab.eppt 4aPemetaan Lahan 4aAplikasi Avenza Maps0 aBALAI BESAR BRMP Sumber Daya Lahan Pertanian aPerpustakaan Sekretariat BRMP a3519/2026/CD